Asian Countries by Population Range - Tile Select - Statistics

General Stats
  • This quiz has been taken 194 times
  • The average score is 30 of 36
Answer Stats
Question Tile Select % Correct
with a population higher than 100 million Sri Lanka No
100%
with a population higher than 100 million Yemen No
100%
with a population higher than 100 million India Yes
98%
with a population higher than 100 million Indonesia Yes
98%
with a population higher than 100 million Myanmar No
98%
with a population higher than 100 million Japan Yes
97%
with a population higher than 100 million Bangladesh Yes
95%
with a population lower than 5 million East Timor Yes
95%
with a population lower than 5 million Brunei Yes
93%
with a population lower than 5 million Cambodia No
92%
with a population higher than 100 million South Korea No
92%
with a population lower than 5 million Cyprus Yes
89%
with a population between 5 and 15 million Bahrain No
86%
with a population lower than 5 million Bhutan Yes
86%
with a population between 15 and 50 million Kyrgyzstan No
86%
with a population higher than 100 million Thailand No
86%
with a population between 15 and 50 million Lebanon No
84%
with a population between 15 and 50 million Singapore No
82%
with a population between 15 and 50 million Taiwan Yes
82%
with a population between 5 and 15 million Afghanistan No
81%
with a population between 15 and 50 million Syria Yes
81%
with a population between 15 and 50 million Saudi Arabia Yes
80%
with a population between 5 and 15 million Israel Yes
79%
with a population between 5 and 15 million United Arab Emirates Yes
79%
with a population lower than 5 million Laos No
78%
with a population between 15 and 50 million Iran No
77%
with a population between 5 and 15 million Malaysia No
77%
with a population between 15 and 50 million Nepal Yes
76%
with a population lower than 5 million Qatar Yes
75%
with a population between 5 and 15 million Jordan Yes
74%
with a population lower than 5 million Tajikistan No
74%
with a population between 5 and 15 million Azerbaijan Yes
73%
with a population between 15 and 50 million Uzbekistan Yes
73%
with a population between 5 and 15 million Mongolia No
72%
with a population between 5 and 15 million Kazakhstan No
64%
with a population lower than 5 million Armenia Yes
58%
No matching quizzes found
Score Distribution
Percent of People with Each Score
Percentile by Number Answered
Your Score History
You have not taken this quiz